Statistics for Φαγητά που αρχίζουν από Δ, Ε και Ζ (με εικόνες)

Click here to take the quiz!

General Stats

  • This quiz has been taken 126 times
  • The average score is 9 of 14

Answer Stats

Answer% Correct
Δάφνη
93%
Ελιά
93%
Ζελεδάκια
93%
Ζάχαρη
85%
Δεντρολίβανο
84%
Δυόσμος
81%
Δαμάσκηνο
79%
Δημητριακά
71%
Εκλέρ
71%
Εσπρέσο
69%
Ζαμπόν
63%
Εστραγκόν
17%
Ενταμάμε
15%
Εμπανάδας
8%

Score Distribution

Percentile by Number Answered

Percent of People with Each Score

Your Score History

You have not taken this quiz